| 000 | 00504nam a22001937a 4500 | ||
|---|---|---|---|
| 003 | LK-CoDNM | ||
| 005 | 20250107112019.0 | ||
| 008 | 250107b |||||||| |||| 00| 0 eng d | ||
| 040 |
_aLK-CoDNM _dLK-CoDNM _eLK-CoDNM |
||
| 041 | _aeng | ||
| 080 |
_a4 _bI21 |
||
| 100 | _aWilliam Wendell Williston | ||
| 245 | _aThe Osteology Of The Repties | ||
| 260 |
_aCambridge _bHarvard University Press _c1925 |
||
| 300 | _axiii, 298p. : ill , 21 cm | ||
| 650 | _aScience | ||
| 650 | _aAnimals | ||
| 942 | _cBK | ||
| 999 |
_c235233 _d235233 |
||